[Event "2006 China & Russia chess summit"]
[Site "Erguna CHN"]
[Date "2006.08.19"]
[Round "9"]
[White "Wang Yu"]
[Black "Kovalevskaya, Ekaterina"]
[Result "1-0"]
[WhiteElo "2390"]
[BlackElo "2463"]
[PlyCount "151"]
[EventDate "2006.08.11"]
[Source "Chess Today"]
[SourceDate "2006.08.14"]

1. e4 c5 2. Nf3 Nc6 3. d4 cxd4 4. Nxd4 Nf6 5. Nc3 d6 6. Bc4 Qb6 7. Ndb5 a6 8.
Be3 Qa5 9. Nd4 e6 10. O-O Be7 11. Kh1 Nxd4 12. Bxd4 b5 13. Bb3 Bb7 14. a3 Qc7
15. Qe2 O-O 16. f4 Rad8 17. Rae1 d5 18. Be5 Qb6 19. f5 Nd7 20. fxe6 Nxe5 21.
exd5 f6 22. Qh5 a5 23. Rd1 Kh8 24. Ne4 Qa7 25. Qe2 a4 26. Ba2 b4 27. d6 Bxe4
28. dxe7 Bxg2+ 29. Qxg2 Qxe7 30. axb4 Qxb4 31. c3 Qe7 32. Qe4 g6 33. Qb4 Rde8
34. Qxe7 Rxe7 35. Rf4 Rb8 36. Rd2 f5 37. Rxa4 Kg7 38. Bd5 Rd8 39. Rad4 Kf6 40.
b4 Ng4 41. b5 Ne3 42. Bb3 Rb8 43. Rb4 Ra7 44. Kg1 Ra1+ 45. Kf2 Ng4+ 46. Ke2 Rh1
47. Rd7 Rxh2+ 48. Kd1 Ne5 49. Rd6 Ke7 50. Rdd4 h5 51. b6 h4 52. Rb5 Ra8 53. Ra4
Rxa4 54. Bxa4 Nc6 55. Rc5 Nd8 56. Rd5 Rb2 57. Rd7+ Kxe6 58. Rxd8 Rxb6 59. Rh8
Rb1+ 60. Ke2 Rh1 61. Rh6 Kf7 62. Rh7+ Kf6 63. c4 g5 64. c5 Ra1 65. Bd7 f4 66.
c6 Ra7 67. Kf3 h3 68. Rxh3 Ra3+ 69. Ke4 Ra4+ 70. Kd5 Ra5+ 71. Kd6 Ra6 72. Bg4
Ra2 73. c7 Rd2+ 74. Kc6 Rc2+ 75. Kb6 Rb2+ 76. Ka5 1-0

[Event "2006 China & Russia chess summit"]
[Site "Erguna CHN"]
[Date "2006.08.19"]
[Round "9"]
[White "Kosintseva, Nadezhda"]
[Black "Huang Qian"]
[Result "1-0"]
[WhiteElo "2472"]
[BlackElo "2390"]
[PlyCount "197"]
[EventDate "2006.08.11"]
[Source "Chess Today"]
[SourceDate "2006.08.14"]

1. e4 e6 2. d4 d5 3. Nc3 Nf6 4. e5 Nfd7 5. f4 c5 6. Nf3 Nc6 7. Be3 a6 8. Qd2 b5
9. a3 Bb7 10. Ne2 Qb6 11. g3 Rc8 12. Bg2 g6 13. O-O h5 14. h3 Qc7 15. Rac1 Be7
16. Qe1 cxd4 17. Nfxd4 Nxd4 18. Bxd4 Nc5 19. Nc3 Na4 20. Nxa4 bxa4 21. Qe3 Bc5
22. c3 Ke7 23. Rcd1 Qb6 24. Rf2 Bxd4 25. Qxd4 Qa5 26. Bf1 Rc7 27. Qe3 Bc6 28.
Rd4 Qb6 29. g4 hxg4 30. hxg4 Bb5 31. Bg2 Rc4 32. f5 Rxd4 33. cxd4 gxf5 34. gxf5
Kd7 35. Qg5 Re8 36. Qg4 Kc7 37. fxe6 fxe6 38. Kh2 Kb8 39. Bh3 Qa5 40. Qg1 Qb6
41. Rf6 Bd7 42. Qf2 Rc8 43. Rf7 Qb3 44. Rf8 Qd3 45. Rxc8+ Bxc8 46. Bg4 Qh7+ 47.
Kg3 Qd3+ 48. Kf4 Qg6 49. Qe2 Qh6+ 50. Kg3 Qc1 51. Qf2 Qc4 52. Qd2 Kc7 53. Be2
Qc6 54. Qa5+ Kb8 55. Qb4+ Ka8 56. Qc3 Qe8 57. Bg4 Bb7 58. Qc2 Qd7 59. Qg6 Bc8
60. Qg8 Kb7 61. Be2 Qc7 62. Qf8 Qc2 63. Qb4+ Ka8 64. Qc3 Qg6+ 65. Kf2 Bb7 66.
Ke1 Qe4 67. Kd2 Qf4+ 68. Qe3 Qf7 69. Qg5 Qc7 70. Qg8+ Bc8 71. Qe8 Qb7 72. Kc1
Qc7+ 73. Kb1 Qh7+ 74. Kc1 Qc7+ 75. Kd1 Qb7 76. Qxa4 Qxb2 77. Bxa6 Qb1+ 78. Kd2
Qb2+ 79. Ke1 Qc1+ 80. Ke2 Qb2+ 81. Kf3 Bxa6 82. Qxa6+ Kb8 83. Qd6+ Ka7 84. Qc5+
Ka6 85. Qc6+ Ka7 86. Qa4+ Kb6 87. Kg4 Qg2+ 88. Kh5 Qh3+ 89. Kg6 Qf5+ 90. Kg7
Kc7 91. Qe8 Qg4+ 92. Qg6 Qh3 93. Kf6 Kb6 94. Ke7 Kb5 95. Qxe6 Qh4+ 96. Kd6 Ka4
97. Kxd5 Qd8+ 98. Qd6 Qg8+ 99. Kc5 1-0

[Event "2006 China & Russia chess summit"]
[Site "Erguna CHN"]
[Date "2006.08.20"]
[Round "10"]
[White "Malakhov, Vladimir"]
[Black "Bu Xiangzhi"]
[Result "1/2-1/2"]
[WhiteElo "2690"]
[BlackElo "2664"]
[PlyCount "69"]
[EventDate "2006.08.11"]
[Source "Chess Today"]
[SourceDate "2006.08.14"]

1. d4 d5 2. Nf3 c6 3. c4 dxc4 4. e3 Be6 5. a4 Nf6 6. Na3 c5 7. Bxc4 Bxc4 8.
Nxc4 e6 9. dxc5 Qxd1+ 10. Kxd1 Ne4 11. Ke2 Bxc5 12. Nfe5 Be7 13. f3 Nd6 14. Bd2
Nxc4 15. Nxc4 Nc6 16. Rac1 O-O 17. Rhd1 Rfd8 18. Be1 f6 19. Na5 Nxa5 20. Bxa5
b6 21. Be1 Rxd1 22. Rxd1 Rd8 23. Rxd8+ Bxd8 24. Kd3 Kf7 25. Kc4 a6 26. g4 Kg6
27. e4 h5 28. Bd2 hxg4 29. fxg4 f5 30. gxf5+ exf5 31. e5 Kf7 32. Kd5 g5 33. e6+
Ke8 34. b4 b5 35. axb5 1/2-1/2

[Event "2006 China & Russia chess summit"]
[Site "Erguna CHN"]
[Date "2006.08.20"]
[Round "10"]
[White "Ni Hua"]
[Black "Zvjaginsev, Vadim"]
[Result "1/2-1/2"]
[WhiteElo "2607"]
[BlackElo "2675"]
[PlyCount "67"]
[EventDate "2006.08.11"]
[Source "Chess Today"]
[SourceDate "2006.08.14"]

1. e4 c5 2. Nf3 d6 3. d4 cxd4 4. Nxd4 Nf6 5. Nc3 g6 6. Be3 Bg7 7. f3 a6 8. Qd2
Nbd7 9. g4 b5 10. h4 Bb7 11. h5 b4 12. Nce2 e5 13. h6 Bf8 14. g5 exd4 15. Bxd4
Ne5 16. O-O-O Nfd7 17. Qxb4 Qc7 18. Bh3 Rc8 19. Nc3 Nc6 20. Qa4 Nxd4 21. Qxd4
f6 22. Kb1 Qc5 23. Qa4 Bc6 24. Qb3 Be7 25. gxf6 Bxf6 26. Qe6+ Kf8 27. Qxd6+
Qxd6 28. Rxd6 Bxc3 29. bxc3 Ke7 30. Rhd1 Rhd8 31. Re6+ Kf7 32. Red6 Ke7 33.
Re6+ Kf7 34. Red6 1/2-1/2

[Event "2006 China & Russia chess summit"]
[Site "Erguna CHN"]
[Date "2006.08.20"]
[Round "10"]
[White "Shen Yang"]
[Black "Kosintseva, Nadezhda"]
[Result "1-0"]
[WhiteElo "2459"]
[BlackElo "2472"]
[PlyCount "125"]
[EventDate "2006.08.11"]
[Source "Chess Today"]
[SourceDate "2006.08.14"]

1. e4 c5 2. Nf3 d6 3. d4 cxd4 4. Nxd4 Nf6 5. Nc3 Nc6 6. Bg5 e6 7. Qd2 a6 8.
O-O-O Bd7 9. f4 b5 10. Bxf6 gxf6 11. Kb1 Qb6 12. Nxc6 Bxc6 13. Qe1 Ra7 14. Bd3
Qc5 15. Qh4 Be7 16. f5 e5 17. Rhe1 b4 18. Ne2 a5 19. b3 a4 20. Bc4 h5 21. Ng3
Qf2 22. Re2 Qf4 23. Qxf4 exf4 24. Nf1 h4 25. h3 f3 26. gxf3 Rg8 27. Rdd2 Ra5
28. Rg2 Rxg2 29. Rxg2 d5 30. Bd3 dxe4 31. fxe4 Rc5 32. Rg4 axb3 33. axb3 Bd6
34. Rxh4 Be5 35. Kc1 Ra5 36. Kd1 Ra1+ 37. Ke2 Ke7 38. Kf3 Kd6 39. Rh7 Kc5 40.
Ne3 Rh1 41. Ng4 Kd4 42. Nf2 Re1 43. Rg7 Re3+ 44. Kg2 Bf4 45. Rg8 Bg5 46. Rd8+
Kc5 47. Rh8 Bf4 48. h4 Rg3+ 49. Kf1 Be3 50. h5 Bd4 51. Nd1 Rh3 52. Kg2 Rh4 53.
h6 Rg4+ 54. Kf3 Rh4 55. h7 Rh2 56. Bc4 Rh3+ 57. Kg2 Rh5 58. Bd5 Bxd5 59. exd5
Rg5+ 60. Kf3 Rxf5+ 61. Ke4 Re5+ 62. Kd3 Rxd5 63. Rc8+ 1-0

[Event "2006 China & Russia chess summit"]
[Site "Erguna CHN"]
[Date "2006.08.20"]
[Round "10"]
[White "Kosintseva, Tatiana"]
[Black "Hou Yifan"]
[Result "1-0"]
[WhiteElo "2479"]
[BlackElo "2488"]
[PlyCount "95"]
[EventDate "2006.08.11"]
[Source "Chess Today"]
[SourceDate "2006.08.14"]

1. e4 c5 2. Nf3 d6 3. d4 cxd4 4. Nxd4 Nf6 5. Nc3 a6 6. Be3 e5 7. Nf3 Be7 8. Bc4
O-O 9. O-O Be6 10. Qe2 Nc6 11. Rfd1 Qc7 12. Bb3 Na5 13. Nd5 Nxd5 14. Bxd5 Rac8
15. c3 Nc4 16. Rac1 b5 17. b3 Nxe3 18. Qxe3 Qc5 19. Qe2 Qa3 20. Rc2 Rc5 21.
Bxe6 fxe6 22. Nd2 Rcc8 23. Nf1 Qc5 24. g3 Bd8 25. Qd3 Bc7 26. Kg2 Rcd8 27. Ne3
Qa7 28. c4 Bb6 29. cxb5 axb5 30. Qxb5 Bxe3 31. fxe3 Qxe3 32. Qe2 Qb6 33. Rdc1
h6 34. Rc7 Qd4 35. Qg4 Qf2+ 36. Kh3 Qf6 37. b4 Ra8 38. R1c2 Ra4 39. b5 d5 40.
b6 Rxe4 41. Qd1 Rd4 42. Qe2 Re4 43. Qd1 Rd4 44. Qe2 Qf5+ 45. Kg2 Rd3 46. Rc8
Rd4 47. b7 Re4 48. Rxf8+ 1-0

[Event "2006 China & Russia chess summit"]
[Site "Erguna CHN"]
[Date "2006.08.20"]
[Round "10"]
[White "Zhao Xue"]
[Black "Tairova, Elena"]
[Result "1/2-1/2"]
[WhiteElo "2456"]
[BlackElo "2397"]
[PlyCount "54"]
[EventDate "2006.08.11"]
[Source "Chess Today"]
[SourceDate "2006.08.14"]

1. d4 d5 2. c4 c6 3. Nf3 Nf6 4. e3 e6 5. Nc3 Bd6 6. b3 Nbd7 7. Bb2 O-O 8. Bd3
Re8 9. O-O dxc4 10. bxc4 e5 11. Bc2 exd4 12. exd4 Nf8 13. h3 Qa5 14. d5 cxd5
15. Nxd5 Nxd5 16. cxd5 Bd7 17. a4 Rac8 18. Qd3 Ng6 19. Rfd1 Bc5 20. Nd4 Qc7 21.
Rac1 Qe5 22. Rb1 Bd6 23. Nf3 Qh5 24. Bc1 Bxh3 25. gxh3 Rxc2 26. Qxc2 Qxh3 27.
Qd3 Qg4+ 1/2-1/2

[Event "2006 China & Russia chess summit"]
[Site "Erguna CHN"]
[Date "2006.08.20"]
[Round "10"]
[White "Matveeva, Svetlana"]
[Black "Wang Yu"]
[Result "1/2-1/2"]
[WhiteElo "2454"]
[BlackElo "2390"]
[PlyCount "181"]
[EventDate "2006.08.11"]
[Source "Chess Today"]
[SourceDate "2006.08.14"]

1. d4 d5 2. c4 Nc6 3. cxd5 Qxd5 4. Nf3 e5 5. Nc3 Bb4 6. Bd2 Bxc3 7. Bxc3 e4 8.
Ne5 Nxe5 9. dxe5 Be6 10. Qxd5 Bxd5 11. g3 Ne7 12. Bg2 O-O-O 13. f3 Rhe8 14.
fxe4 Be6 15. O-O Nc6 16. b3 a5 17. Kf2 Rd7 18. Ke3 b6 19. Rad1 Rxd1 20. Rxd1
Rd8 21. Rc1 Kb7 22. Bf3 b5 23. Kf4 b4 24. Be1 a4 25. Rb1 axb3 26. axb3 Ra8 27.
e3 Ra2 28. h4 Kb6 29. Bd1 Kb5 30. g4 Na5 31. Kf3 c5 32. Be2+ Kb6 33. Rd1 Nxb3
34. Rd6+ Kc7 35. Bb5 Ra5 36. Be2 Ra1 37. Kf2 Ra2 38. Kf1 Nc1 39. Bb5 b3 40.
Rc6+ Kb7 41. Bc3 c4 42. Bd4 Bd7 43. Rb6+ Kc7 44. Bxc4 Be6 45. Bd5 Rc2 46. Rb7+
Kc8 47. Rb6 h5 48. Bxe6+ fxe6 49. gxh5 Kd7 50. Rd6+ Ke7 51. Rb6 Kf7 52. Rb7+
Kg8 53. Rb8+ Kf7 54. Rb7+ Kg8 55. Rb8+ Kh7 56. Rb6 Kg8 57. Rxe6 Ne2 58. Re8+
Kf7 59. Rb8 Nxd4 60. exd4 b2 61. Rb7+ Ke6 62. Rb6+ Kd7 63. d5 Rc1+ 64. Ke2 b1=Q
65. Rxb1 Rxb1 66. Kf3 Ke7 67. Kf4 Rg1 68. Kf5 Rf1+ 69. Kg4 Kf7 70. Kg5 Rg1+ 71.
Kf5 Rf1+ 72. Kg5 Rf2 73. Kg4 Ke7 74. Kg5 Rg2+ 75. Kf5 Rh2 76. Kg5 Kf7 77. Kg4
Ke7 78. Kg5 Rh1 79. Kg4 Kf7 80. Kg5 Rg1+ 81. Kf5 Rf1+ 82. Kg5 Rf2 83. Kg4 Ke7
84. Kg5 Kf8 85. Kg4 Kg8 86. Kg5 Kf7 87. Kg4 Rd2 88. Kf4 Rd3 89. Kf5 Rf3+ 90.
Kg4 Rf1 91. Kg5 1/2-1/2

[Event "2006 China & Russia chess summit"]
[Site "Erguna CHN"]
[Date "2006.08.20"]
[Round "10"]
[White "Huang Qian"]
[Black "Kovalevskaya, Ekaterina"]
[Result "1-0"]
[WhiteElo "2380"]
[BlackElo "2463"]
[PlyCount "123"]
[EventDate "2006.08.11"]
[Source "Chess Today"]
[SourceDate "2006.08.14"]

1. d4 Nf6 2. c4 e6 3. Nc3 Bb4 4. Qc2 O-O 5. a3 Bxc3+ 6. Qxc3 Ne4 7. Qc2 f5 8.
Nh3 d6 9. f3 Nf6 10. e3 e5 11. Be2 c5 12. d5 a5 13. Nf2 Qe8 14. O-O Na6 15. Bd2
a4 16. Nd1 Nc7 17. Nc3 Rf7 18. b3 axb3 19. Qxb3 Nd7 20. Nb5 Nxb5 21. cxb5 e4
22. f4 b6 23. a4 Qd8 24. Ra2 Bb7 25. Bc4 Rf8 26. Rfa1 Qe7 27. a5 bxa5 28. Bxa5
Nf6 29. Bc3 Ng4 30. Be1 Qf7 31. b6 Rab8 32. Ra7 Nf6 33. Bc3 Nd7 34. Ba5 Nf6 35.
Rd1 Ra8 36. Bc3 Rab8 37. Rb1 Kh8 38. Bxf6 gxf6 39. Rb2 Rfe8 40. Bb5 c4 41. Bxe8
Qxd5 42. Qc3 Rxe8 43. Rd2 Qf7 44. Rxd6 Kg7 45. h3 Re7 46. Rd4 Qe6 47. Qxc4 Qxb6
48. Qb4 Qc7 49. Kh2 Rf7 50. Qb5 Qc8 51. Rb4 Bc6 52. Rxf7+ Kxf7 53. Qc5 Bd7 54.
Qa7 Ke7 55. Rb8 Qc4 56. Qa3+ Ke6 57. Qf8 Qc7 58. Qg8+ Kd6 59. Rf8 Qc3 60. Qg7
Qxe3 61. Qxf6+ Kc7 62. Qd8+ 1-0